MDQL
is popping MORE tags! Check the
thread
!
Quizzes
Events
Quiz Creation
Community
Videos
Private Events
Remove Ads
Sign In
Join for FREE
Feedback
Dark Mode
Quiz Categories
Sports
Geography
Music
Movies
Television
Just For Fun
Miscellaneous
History
Literature
Language
Science
Gaming
Entertainment
Religion
Holiday
For Kids
Quiz Lab
Recent
Popular Today
Quiz Kudos Today
Editor Picks
Curator Picks
Quizzes by...
Day
Popularity
Type
Ratings
Length
Year
Community
Subscriptions
Recent Discussions
Orange Saloon
Badges
Playlists
Quests
Create
Leaderboards
Showdown
Live 5
Trivia Bingo
Activity
Puzzle Library
Sporcle Events
Private Events
Virtual Trivia
Globe League
Become a Host
Pub Owners
SporcleCon
Opinionation
Our Games
Videos
Blog
Mobile Apps
Partnerships
Remove Ads and Go Orange
Feedback
Television
TV Characters
TV Show
Sitcom
Network
Friends
Reality Shows
Cast
South Park
Star Trek
The Simpsons
Doctor Who
Television
TV Characters
TV Show
Sitcom
Network
Friends
Reality Shows
Cast
South Park
Star Trek
The Simpsons
Doctor Who
Random Quiz
Search Sporcle
×
Quiz Lab
Quiz Lab
Television
night
Type in answers that appear in a list
Type in answers that appear in a list
Classic
Best Score? Go Orange.
Friday Night Lights (TV) Quiz Stats
Can you name the Friday Night Lights (TV) things?
By
magilla1919
10m
21 Questions
3,231 Plays
3,231 Plays
3,231 Plays
Comments
Comments
Give Quiz Kudos
Give Quiz Kudos
-
- Ratings
hide this ad
Replay
Link that replays current quiz
Next Quiz
Link to next quiz in quiz playlist
You Got
0%
They Got
Avg Score
37%
Avg Friend Score
Upgrade to see
Score Distribution
Jump to the score distribution portion of the page
Score
0/21
Timer
10:00
0
Plays Today
Hint
Answer
% Correct
Dillon's Best Booster
Buddy Garrity
87.7%
Louisiana QB who played 1 game for Panthers
Ray 'Voodoo' Tatum
76.5%
Billy Riggins' strip club of choice
The Landing Strip
66.7%
Billy's fiance
Mindy Collette
65.2%
Coach Taylor's dream job
Texas Methodist University
61.4%
Starr Panthers running back who is forced to go to East Dillon
Luke Cafferty
58%
A favorite restaraunt for citizens of Dillon
Applebee's
57.4%
What does Buddy want Principal Taylor to put his donation towards in Season 2?
Jumbotron
57.2%
Landry's speed metal band
Crucifictorious
43.1%
Tyra's rodeo cowboy
Cash
38.6%
Dillon radio host
Slammin' Sammy Mead
28.6%
Hint
Answer
% Correct
The Song Saracen sings to calm his grandma down
Mr. Sandman
23.3%
Football coach; made a cameo in the first episode as a booster
Mack Brown
20.1%
Following Coach McGill's heart attack, he takes over as offensive coordinator
Wade Aikmen
18.1%
Trick play the Panthers used to win the State Title
Hook & Ladder
16.2%
They do the FNL theme song
Explosions in the Sky
14.7%
Smash commited to _
_
_
_
_
after TMU revoked their scholarship offer
Whitmore University
13.2%
Location of State (Season 1)
Texas Stadium
12%
Street's favorite burger; first endorsement
Aztec Burger
11%
Coach Taylor's volunteer assistant at East Dillon
Stan Traub
10.6%
Basketball Coach; cameo as a TMU recruiter
Rick Barnes
8.3%
Quiz Playlist
Details
Report
Send in Message
Add To Playlist
Classic:
Type in answers that appear in a list
Last Updated: Feb 16, 2017
Quiz Scoreboard
CHALLENGE
Sign Up to Join the Scoreboard
Show All
Scores
Hide
Comments
May contain spoilers
Recently Published
Image Sorting: Flags VI
by Barbecue
Geography
2m
Find the 'City' Movie
by crazypaving
Movies
60s
Colored Red Africa Blitz
by spor1
Geography
45s
More to Explore
Quiz From the Vault
Featured Blog Post
14 Easter Pick-up Lines to Find Eggs With
hide this ad
You Might Also Like...
Tags
Friday
Friday Night
light
night
Today's Top Quizzes in Television
Browse Television
hide this ad
Today's Top Quizzes in night
Browse night
Top Contributed Quizzes in Television
1
Survivor Journey Challenge
2
Brooklyn Nine Nine Logic Puzzle (How-To-Play)
3
Adjectives in 00s TV Shows
4
Total Drama Characters
5
Survivor Logic Puzzle: Heroes vs. Villains
6
Phoebe Buffay Quotes
7
Survivor Heroes vs. Villains Logic Puzzle
8
Survivor Trivia
9
Emmerdale Characters (from August 2012)
10
Adjectives in 10s TV Shows
Explore More
Trending Topics
Kpop
Disney
Anime
NBA
Marvel
Harry Potter
Crossword
WWE
The Office
Song
Country
Pokémon
NFL
Puzzle
Soccer
hide this ad
More By:
magilla1919
Quiz
Plays
Rating
Category
Featured
Created
Friday Night Lights (TV) Quiz
3,231
2.00
Television
Nov 30, 2009
Go to Creator's Profile
Score Distribution
Quiz Creator Spotlight
magilla1919
Follow
Send a Message
Quizzes Created
-
Created Quiz Play Count
-
More By This Creator
Popular Quizzes Today
1
Colored Red Africa Blitz
2
Find the US States - No Outlines Minefield
3
Find the 'City' Movie
4
5x2 Blitz: Bands
5
The Countries of the World
6
Find the Countries of Europe - No Outlines Minefield
7
Find the US States
8
US States
More Television Quizzes
50 States of Television
Published
Trending Quizzes
Colored Red Europe Blitz I
Colored Red Europe Blitz II
Colored Red Africa Blitz II
Colored Red Europe Blitz III
Colored Red Africa Blitz III
Recently Updated
How Do You Spell That?
pecheneg
Godzilla Movies
pecheneg
Grab Bag: 4-10 Letters
pecheneg
2024 March Madness Bracket
pecheneg
Famous TV Couples
Peacemaker
Champions League XIs: Real Madrid
pecheneg
Largest US Cities 1790-2010
pecheneg
Rides in Walt Disney World
pecheneg
Most Oscar Losses (Acting)
pecheneg
Beyoncé Albums
pecheneg
Trending Topics
Anime
Harry Potter
Marvel
NBA
Kpop
Disney
Crossword
NFL
Puzzle
Song
WWE
Soccer
Pokémon
The Office
Country
Your Account Isn't Verified!
In order to create a playlist on Sporcle, you need to verify the email address you used during registration. Go to your
Sporcle Settings
to finish the process.
Report this User
Report this user for behavior that violates our
Community Guidelines
.
Details:
Send Report
Go to the Sporcle.com Mobile Site →
Comments